Name an F1 race winner A-Z - Statistics

General Stats
  • This quiz has been taken 466 times
  • The average score is 13 of 20
Answer Stats
Lettera Paese % Correct
A Alonso | Ascari | Andretti | +3
95%
B Bottas | Button | Brabham | +10
95%
H Hamilton | Hunt | Hill | +7
92%
S Sainz | Schumacher | Senna | +7
90%
V Verstappen | Vettel | Villeneuve | +3
87%
R Russell | Ricciardo | Rosberg | +9
83%
P Perez | Prost | Piquet | +6
79%
L Leclerc | Lauda | Laffite
78%
F Fangio | Fittipaldi | Farina | +4
76%
M Mansell | Moss | Massa | +5
73%
O Ocon
71%
C Clark | Coulthard | Collins | +1
67%
G Gasly | Gurney | Gonzalez | +2
66%
I Ickx | Irvine | Ireland
54%
W Webber | Watson | Wallard | +1
49%
K Kubica | Kovalainen
48%
T Trintignant | Tambay | Taruffi | +1
39%
J Jones | Jabouille
34%
N Nilsson | Nannini
28%
D Depailler | De Angelis
26%
No matching quizzes found
Score Distribution
Percent of People with Each Score
Percentile by Number Answered
Your Score History
You have not taken this quiz